Interpreting Avicenna: Science and Philosophy in Medieval Islam : Proceedings of the Second Conference of the Avicenna Study Group /

This volume provides twelve essays on various aspects of Avicenna's philosophical and scientific contributions, approaching these topics from philological, historical and philosohical methodologies. The work is conceptually divided into four sections: (1) methodology, (2) natural philosophy and...

وصف كامل

محفوظ في:

مؤلف مشترك: Avicenna Study Group. Conference

مؤلفون آخرون: McGinnis, Jon (المحرر)

التنسيق: كتاب الكتروني

اللغة: English

منشور في: Leiden; Boston : BRILL, 2004.

سلاسل: Brill Book Archive Part 1, ISBN: 9789004472495.
Islamic Philosophy, Theology and Science. Texts and Studies ; 56.

الموضوعات:

الوصول للمادة أونلاين: Login to view Source

الوسوم: إضافة وسم

لا توجد وسوم, كن أول من يضع وسما على هذه التسجيلة!

رقم الطلب: B751.Z7

LEADER 03272nam a22005291i 4500
001 BRILL9789047405818
003 nllekb
005 20211118221715.0
006 m d
007 cr un uuuua
008 210731s2004 ne sb 001 0 eng d
010 |z  2004050584 
020 |a 9789047405818  |q (electronic book) 
020 |a 9789004139602  |q (print) 
024 7 |a 10.1163/9789047405818  |2 DOI 
035 |a (OCoLC)191944920 
040 |a NL-LeKB  |c NL-LeKB  |e rda 
050 0 0 |a B751.Z7 
072 7 |a HPDC  |2 bicssc 
072 7 |a PHI  |x 022000  |2 bisacsh 
072 7 |a REL  |x 037000  |2 bisacsh 
082 0 0 |a 181/.5  |2 22 
110 2 |a Avicenna Study Group.  |b Conference  |n (2nd :  |d 2002 :  |c Mainz, Germany) 
245 1 0 |a Interpreting Avicenna: Science and Philosophy in Medieval Islam :  |b Proceedings of the Second Conference of the Avicenna Study Group /  |c edited by Jon McGinnis. 
246 3 |a Proceedings of the Second Conference of the Avicenna Study Group 
264 1 |a Leiden;   |a Boston :  |b BRILL,  |c 2004. 
300 |a 1 online resource. 
336 |a text  |b txt  |2 rdacontent 
337 |a computer  |b c  |2 rdamedia 
338 |a online resource  |2 rdacarrier 
490 1 |a Brill Book Archive Part 1, ISBN: 9789004472495 
490 1 |a Islamic Philosophy, Theology and Science. Texts and Studies ;  |v 56 
504 |a Includes bibliographical references and index. 
520 |a This volume provides twelve essays on various aspects of Avicenna's philosophical and scientific contributions, approaching these topics from philological, historical and philosohical methodologies. The work is conceptually divided into four sections: (1) methodology, (2) natural philosophy and the exact sciences, (3) theology and metaphysics and (4) Avicenna's heritage. The First section provides considerations for distinguishing genuine from pseudo Avicennan works. The second section deals with topics encountered in Avicenna's physics, psychology, mathematics and medical theories. The third section treats issues ranging from the theological sources for Avicenna's proof for the existence of God and God's knowledge of particulars to the place of puzzles in Avicenna's Metaphysics as well as the relation of form and matter in Avicenna's thought. The final section considers Avicenna's historical influence on later thinkers such as al-Ghazali as well as his subsequent influence in Persia. 
588 |a Description based on print version record. 
600 0 0 |a Avicenna,  |d 980-1037  |v Congresses. 
650 0 |a Islam and science  |x History  |v Congresses. 
650 0 |a Islamic philosophy  |v Congresses. 
650 0 |a Philosophy, Medieval  |v Congresses. 
700 1 |a McGinnis, Jon,  |e editor. 
776 0 8 |i Print version:  |t Interpreting Avicenna: Science and Philosophy in Medieval Islam : Proceedings of the Second Conference of the Avicenna Study Group.  |d Leiden ; Boston : BRILL, 2004  |z 9789004139602  |w (OCoLC)55534752 
830 0 |a Brill Book Archive Part 1, ISBN: 9789004472495. 
830 0 |a Islamic Philosophy, Theology and Science. Texts and Studies ;  |v 56. 
856 4 |z DOI:   |u http://dx.doi.org/10.1163/9789047405818 
942 |2 lcc  |c EBOOK 
952 |0 0  |1 0  |2 lcc  |4 0  |7 1  |9 22538  |a BRILL  |b BRILL  |d 2021-11-18  |l 0  |r 2021-11-18 00:00:00  |w 2021-11-18  |y EBOOK 
999 |c 40012  |d 40012